书目信息 |
| 题名: |
文化概论
|
|
| 作者: | 冯辉 编著 | |
| 分册: | ||
| 出版信息: | 北京 中国言实出版社 2014 |
|
| 页数: | 214页 | |
| 开本: | 24cm | |
| 丛书名: | ||
| 单 册: | ||
| 中图分类: | G11 | |
| 科图分类: | ||
| 主题词: | 文化--概论--世界 | |
| 电子资源: | ||
| ISBN: | 978-7-5171-0637-1 | |
| 000 | 00804nam0 2200241 450 | |
| 001 | 339542 | |
| 005 | 20150608163050.87 | |
| 010 | @a978-7-5171-0637-1@dCNY42.00 | |
| 100 | @a20141104d2014 em y0chiy50 ea | |
| 101 | 0 | @achi |
| 102 | @aCN@b110000 | |
| 105 | @aa z 000yy | |
| 106 | @ar | |
| 200 | 1 | @a文化概论@Awen hua gai lun@f冯辉编著 |
| 210 | @a北京@c中国言实出版社@d2014 | |
| 215 | @a214页@c图@d24cm | |
| 300 | @a当代社科研究文库 | |
| 330 | @a本书共十章, 内容包括: 文化的定义、文化的起源、文化的特点、文化发展中最常见的规律、文化兴衰的原因、文化与经济的关系、文化与政治的关系、文化与教育的关系、文化与哲学社会科学文学艺术的关系、文化的分类等。 | |
| 606 | 0 | @a文化@x概论@y世界 |
| 690 | @aG11@v5 | |
| 701 | 0 | @a冯辉@Afeng hui@4编著 |
| 801 | 0 | @aCN@b卓展宏图@c20150525 |
| 905 | @dG11@e39@f4 | |
| 文化概论/冯辉编著.-北京:中国言实出版社,2014 |
| 214页:图;24cm |
| 当代社科研究文库 |
| ISBN 978-7-5171-0637-1:CNY42.00 |
| 本书共十章, 内容包括: 文化的定义、文化的起源、文化的特点、文化发展中最常见的规律、文化兴衰的原因、文化与经济的关系、文化与政治的关系、文化与教育的关系、文化与哲学社会科学文学艺术的关系、文化的分类等。 |
| ● |
| 相关链接 |
|
|
|
|
正题名:文化概论
索取号:G11/39
 
预约/预借
| 序号 | 登录号 | 条形码 | 馆藏地/架位号 | 状态 | 备注 |
| 1 | 863074 | 208630748 | 第一样本阅览室/ [索取号:G11/39] | 在馆 | |
| 2 | 863075 | 208630757 | 第四借阅区/ [索取号:G11/39] | 在馆 | |
| 3 | 863076 | 208630766 | 第四借阅区/ [索取号:G11/39] | 在馆 | |
| 4 | 863077 | 208630775 | 密集书库-文学院/ [索取号:G11/39] | 在馆 |